| 000 | 00613nam a2200193Ia 4500 | ||
|---|---|---|---|
| 005 | 20250326142912.0 | ||
| 008 | 250326s9999 xx 000 0 und d | ||
| 037 | _aTextbook | ||
| 040 |
_aFMSL _beng _cFMSL |
||
| 041 |
_aeng _2eng |
||
| 084 |
_aX:545.8 N6 _qFMSL |
||
| 100 | _aAUSTRADE | ||
| 245 | 0 |
_aAustralian Exports'96:A comprehensive guide to Australia's products,services and capabilities for world markets Vol.1 _cAUSTRADE |
|
| 250 | _aEd 31 | ||
| 260 |
_aAustralia _bAustralia, Molins (Australia), Ltd _c1996 |
||
| 300 | _a797p | ||
| 942 |
_cTB _hX:545.8 N6 |
||
| 999 |
_c1297179 _d1297179 |
||